| 000 | 00358nam a2200133Ia 4500 | ||
|---|---|---|---|
| 008 | 240624s9999 xx 000 0 und d | ||
| 041 | _aeng | ||
| 082 | _a338.04 CAR | ||
| 100 | _aCARSRUD ALAN | ||
| 245 | _aHANDBOOK OF RESEARCH METHODS AND APPLICATIONS IN ENTREPREN | ||
| 260 |
_c2014 _auk _bEdward Elgar |
||
| 300 | _axv. 277 p.; 23 cm. | ||
| 365 |
_cBPS _b33 |
||
| 999 |
_c32264 _d32264 |
||